Normal view
MARC view
- Educación secundaria
Entry Materia
001 - NÚMERO DE CONTROL DEL REGISTRO
- campo de control: 15154
003 - IDENTIFICADOR DE NUMERO DE CONTROL
- campo de control: MX-MxUPN
005 - FECHA Y HORA DE LA ÚLTIMA TRANSACCIÓN
- campo de control: 20240923131937.0
008 - DATOS DE LONGITUD FIJA
- campo de control de longitud fija: 240103dn fnnnnbabd n ana |d
035 ## - NÚMERO DE CONTROL DEL SISTEMA
- Número de control del sistema: UPN10000015162
040 ## - FUENTE DE LA CATALOGACIÓN
- Lengua de catalogación: SPA
- Agencia de transcripción: UPN
- Centro catalogador de origen: MX-MxUPN
150 ## - ENCABEZAMIENTO - TEMÁTICO
- Término de materia o nombre geográfico como elemento inicial: Educación secundaria
- Subdivisión geográfica: América Latina
670 ## - FUENTE EN LA QUE SE LOCALIZARON DATOS
- Cita de la fuente: Rovira, C. Y Aguayo, J. comps. Lista de encabezamientos de materia para bibliotecas, 1967 :
- Información localizada: (Educación secundaria (Subd. geog.))
670 ## - FUENTE EN LA QUE SE LOCALIZARON DATOS
- Cita de la fuente: Autoridades BGTQ, 3 enero 2023 :
- Información localizada: (América Latina)
902 ## - CATALOGADOR
- Catalogador: MMA/151196
- Catalogador: VíctorGodinez/030124
